000
00233nam a2200097Ia 4500
001
659136
005
20250826154649.0
008
250824s9999 xx 000 0 und d
245
0
_a
MARTI SESLER HER DENEY BİR EĞLENCE
260
_b
MARTI
999
_c
659136
_d
659136